| 000 | 00492nam a2200145 a 4500 | ||
|---|---|---|---|
| 001 | 000032981 | ||
| 005 | 20200930065942.0 | ||
| 008 | 110805s1984 dr ac 000 0 spa d | ||
| 040 |
_aDO-SdBNP _bspa _cBNPHU |
||
| 082 |
_axxx _bB588n |
||
| 111 | 1 |
_aBienal nacional de artes plásticas _n(16a : _d1984 feb. 17 : _cSanto Domingo) _958712 |
|
| 245 | 1 | 0 | _aXVI bienal nacional de artes plásticas. |
| 260 |
_aSanto Domingo : _bGalería de Arte Moderno, _c1984. |
||
| 300 |
_a230 p. : _bil., retr. ; _c28 cm. |
||
| 999 |
_c32472 _d32472 |
||